[Event "Chinese League Div-A Final-KO 2023"]
[Site "Xiongan"]
[Date "2023.12.04"]
[Round "3.22"]
[White "Li, Di"]
[Black "Xu, Minghui"]
[Result "1/2-1/2"]
[WhiteElo "2568"]
[BlackElo "2389"]
[Annotator "TA"]
[PlyCount "59"]
[EventDate "2023.12.02"]
[EventCountry "CHN"]
[SourceTitle "playchess.com"]
[Source "ChessBase"]
[SourceQuality "1"]

{[%evp 9,59,7,14,4,10,6,12,8,13,0,0,0,10,8,10,8,23,15,14,0,25,13,15,11,16,14,25,12,8,0,20,0,0,-6,0,-10,-6,-27,-20,-27,-27,-18,0,0,0,-21,0,0,0,-15,0,0]} 1. e4 e5 2. Nf3 Nc6 3. Bc4 Bc5 4. d3 Nf6 5. a4 a5 6. O-O {C50: Hungarian Defence and Giuoco Pianissimo.} O-O 7. h3 h6 8. c3 d6 9. Be3 Bxe3 10. fxe3 Be6 11. Bxe6 fxe6 12. Nbd2 d5 13. Qb3 b6 {[#]} 14. Rf2 $146 ({Predecessor:} 14. Rae1 Qd6 15. exd5 Qxd5 16. e4 Qxb3 17. Nxb3 Rad8 18. Re3 Nh5 19. Nbd2 Nf4 20. Ne1 {1-0 Praggnanandhaa,R (2707)-Sadhwani,R (2624) World-chT Rapid 2023 (6.9)}) 14... Rf7 15. Raf1 Qd6 16. exd5 exd5 17. e4 Raf8 18. exd5 Nxd5 {[%cal Bf6d5,Bd5f4,Bf4h3][%mdl 32]} 19. Ne4 Qd7 20. Nfd2 Nf4 21. Qc4 Ne7 22. Rf3 Nf5 23. g3 {Wards off Nh4} Nxh3+ 24. Kh2 {[#]} Kh8 $1 {[%cal Of5g3]} 25. Qb5 {[#]} (25. Kxh3 $2 Ne3+ 26. Kh2 Nxf1+ 27. Rxf1 Rxf1 $19) 25... Qe6 {The position is equal.} 26. Qc4 (26. Kxh3 $2 Ne3+ 27. Kh2 Nxf1+ 28. Rxf1 Rxf1 $19) (26. d4 Nxg3) 26... Qd7 {[%cal Of5g3]} 27. Qb5 $1 (27. Kxh3 $2 Ne3+ 28. Kh2 Nxf1+ 29. Rxf1 Rxf1 $19) (27. g4 Nf4 28. gxf5 Qxf5 $17) 27... Qe6 28. Qc4 (28. Kxh3 $2 Ne3+ 29. Kh2 Nxf1+ 30. Rxf1 Rxf1 $19) 28... Qd7 {[%cal Of5g3]} 29. Qb5 $1 (29. Kxh3 $2 {loses.} Ne3+ 30. Kh2 Nxf1+ 31. Rxf1 Rxf1 $19) ({Of course not} 29. g4 Nf4 30. gxf5 Qxf5 $17) 29... Qe6 30. Qc4 {A rather calm draw.   Weighted Error Value: White=0.05 (flawless) /Black=0.05 (flawless)} (30. Kxh3 $2 {too greedy.} Ne3+ 31. Kh2 Nxf1+ 32. Rxf1 Rxf1 $19) 1/2-1/2

[Event "Chinese League Div-A Final-KO 2023"]
[Site "Xiongan"]
[Date "2023.12.04"]
[Round "3.24"]
[White "Chu, Ruotong"]
[Black "Ding, Yixin"]
[Result "1/2-1/2"]
[WhiteElo "2114"]
[BlackElo "2402"]
[Annotator "RC"]
[PlyCount "68"]
[EventDate "2023.12.02"]
[EventCountry "CHN"]
[SourceTitle "playchess.com"]
[Source "ChessBase"]
[SourceQuality "1"]

1. c4 Nf6 2. Nf3 e6 3. g3 d5 4. Bg2 dxc4 5. Qa4+ Nbd7 6. Qxc4 a6 7. Qc2 c5 8. Nc3 Be7 9. O-O O-O 10. d4 cxd4 11. Nxd4 Nb6 12. Nf3 Bd6 13. Bg5 h6 14. Bxf6 Qxf6 15. Ne4 Qe7 16. Nxd6 Qxd6 17. Rfd1 Qb8 18. Rac1 Bd7 19. Qc5 Nd5 20. e4 Rc8 21. Qd4 Rxc1 22. Rxc1 Nf6 23. Ne5 Be8 24. Nc4 Qc7 25. Rd1 Bc6 26. Nb6 Re8 27. e5 Bxg2 28. Kxg2 Nd5 29. Nxd5 exd5 30. Qxd5 Rxe5 31. Qd8+ Qxd8 32. Rxd8+ Kh7 33. Rd7 Rb5 34. b3 Kg6 1/2-1/2

[Event "Chinese League Div-A Final-KO 2023"]
[Site "Xiongan"]
[Date "2023.12.04"]
[Round "3.25"]
[White "Bai, Xue"]
[Black "Ren, Xiaoyi"]
[Result "0-1"]
[WhiteElo "2075"]
[BlackElo "2083"]
[Annotator "NA RC"]
[PlyCount "118"]
[EventDate "2023.12.02"]
[EventCountry "CHN"]
[SourceTitle "playchess.com"]
[Source "ChessBase"]
[SourceQuality "1"]

1. e4 e5 2. Nf3 Nc6 3. Bb5 Nf6 4. d3 Bc5 5. c3 d6 6. O-O O-O 7. h3 Ne7 8. d4 Bb6 9. dxe5 Nxe4 10. Bd3 d5 11. Qc2 Bf5 12. Nbd2 Ng3 13. Re1 Qd7 14. Nd4 Bxd3 15. Qxd3 Nh5 16. N2f3 Ng6 17. Ng5 c5 18. g4 Nhf4 19. Bxf4 cxd4 20. Bg3 dxc3 21. bxc3 Rac8 22. Red1 Qe7 23. Nf3 Qa3 24. Qxd5 Rxc3 25. Kg2 Rc2 26. Rd2 Rxd2 27. Qxd2 Rd8 28. Qc2 Qc5 29. Qe2 Qc6 30. Kh2 Nf8 31. Nh4 g6 32. Nf3 Ne6 33. Rd1 Rxd1 34. Qxd1 Bc5 35. Qd3 Qa4 36. Qd5 Qc2 37. Ne1 Qc3 38. Nf3 Qb2 39. Nd2 Qd4 40. Qxd4 Bxd4 41. Nb3 Bc3 42. f4 b5 43. Kg2 a5 44. Kf3 a4 45. Nc1 Bd2 46. Nd3 b4 47. Be1 Nd4+ 48. Ke4 Bxe1 49. Kxd4 Bd2 50. Kc4 b3 51. a3 Bc1 52. Kc3 Bxa3 53. Nf2 Bb4+ 54. Kb2 Bc5 55. Nd3 Bd4+ 56. Ka3 Kf8 57. Ne1 Ke7 58. Nf3 Be3 59. Kb2 Bxf4 0-1

[Event "Chinese League Div-A Final-KO 2023"]
[Site "Xiongan"]
[Date "2023.12.05"]
[Round "4.1"]
[White "Wen, Yang"]
[Black "Liu, Yan"]
[Result "1/2-1/2"]
[WhiteElo "2574"]
[BlackElo "2579"]
[Annotator "TA"]
[PlyCount "59"]
[EventDate "2023.12.02"]
[EventCountry "CHN"]
[SourceTitle "playchess.com"]
[Source "ChessBase"]
[SourceQuality "1"]

{[%evp 16,59,45,38,36,39,41,43,43,30,43,39,39,39,45,38,44,32,32,33,36,31,40,29,31,38,33,31,39,16,31,19,21,21,25,12,15,13,29,12,16,0,19,0,19,0]} 1. e4 {[%emt 0:00:04]} e5 {[%emt 0:00:14]} 2. Nf3 {[%emt 0:00:10]} Nf6 {[%emt 0:00:18]} 3. Nxe5 {[%emt 0:00:43]} d6 {[%emt 0:00:24]} 4. Nf3 {[%emt 0:00:07]} Nxe4 {[%emt 0:00:13]} 5. d4 {[%emt 0:00:53]} d5 {[%emt 0:00:43]} 6. Bd3 {[%emt 0:00:08]} Bf5 {[%emt 0:00:30]} 7. O-O {[%emt 0:00:37]} Be7 {[%emt 0:00:24]} 8. Re1 {[%emt 0:00:14]} Nc6 {[%emt 0:00:18]} 9. Nbd2 $1 {[%emt 0:01:34][%mdl 4] is currently scoring better than 9.c4.} Nxd2 {[%emt 0:00:10] C42: Petroff Defence: 3 Nxe5 and unusual White 3rd moves.} 10. Qxd2 {[%emt 0:00:06]} Bg6 {[%emt 0:00:06]} 11. Bxg6 {[%emt 0:02:53]} hxg6 {[%emt 0:00:10] White is slightly better.} 12. Qd3 {[%emt 0:00:19]} Qd7 {[%emt 0:00:14]} 13. Bg5 {[%emt 0:01:15]} O-O {[%emt 0:06:27]} 14. Bxe7 {[%emt 0:02:22]} Nxe7 {[%emt 0:00:09]} 15. Ne5 {[%emt 0:00:14]} Qd6 {[%emt 0:14:25]} 16. g3 {[%emt 0:05:25]} Nc6 {[%emt 0:03:05]} 17. Nf3 {[%emt 0:12:48]} Rfe8 {[%emt 0:04:04]} 18. Kg2 {[%emt 0:16:48]} a6 {[%emt 0:07:57]} 19. h4 {[%emt 0:08:12]} Qd7 {[%emt 0:03:52]} 20. c3 {[%emt 0:06:44]} Rxe1 {[%emt 0:01:51]} 21. Rxe1 {[%emt 0:00:26]} Re8 {[%emt 0:00:13] [#] Inhibits Qe3.} 22. Re3 $146 {[%emt 0:00:54]} ({Predecessor:} 22. Rxe8+ Qxe8 23. Ng5 Nd8 24. Qf3 c6 25. a4 {½-½ Cardoso Cardoso,J (2468)-Bai,J (2572) Barcelona Sants op 24th 2023 (8)}) 22... Re7 {[%emt 0:09:14]} 23. Qe2 {[%emt 0:01:56]} Rxe3 24. Qxe3 $11 {[%emt 0:08:58][%mdl 4096] Endgame KQN-KQN} a5 {[%emt 0:00:57]} 25. a4 {[%emt 0:03:49]} b6 {[%emt 0:00:56]} 26. b3 {[%emt 0:00:40]} Qe7 {[%emt 0:00:53]} 27. Qf4 {[%emt 0:02:27]} Qd7 {[%emt 0:01:36] The position is equal.} 28. Qe3 {[%emt 0:05:01]} Qe7 {[%emt 0:00:07]} 29. Qf4 {[%emt 0:00:05]} Qd7 {[%emt 0:00:05]} 30. Qe3 {[%emt 0:00:04] Weighted Error Value: White=0.06 (flawless) /Black=0.03 (flawless)} 1/2-1/2

[Event "Chinese League Div-A Final-KO 2023"]
[Site "Xiongan"]
[Date "2023.12.05"]
[Round "4.2"]
[White "Bu, Xiangzhi"]
[Black "Bai, Jinshi"]
[Result "1/2-1/2"]
[WhiteElo "2677"]
[BlackElo "2585"]
[Annotator "TA"]
[PlyCount "71"]
[EventDate "2023.12.02"]
[EventCountry "CHN"]
[SourceTitle "playchess.com"]
[Source "ChessBase"]
[SourceQuality "1"]

{[%evp 9,71,45,38,32,75,14,58,48,54,42,52,13,23,16,16,4,19,11,18,6,9,0,0,4,16,16,24,25,26,12,14,4,9,7,12,8,14,6,7,6,6,6,12,8,12,8,8,8,8,8,8,8,8,8,8,8,18,0,7,0,0,0,0,0]} 1. d4 {[%emt 0:00:02]} d5 {[%emt 0:00:15]} 2. Nf3 {[%emt 0:00:12]} Nf6 {[%emt 0:00:09]} 3. e3 {[%emt 0:00:10]} c5 {[%emt 0:02:10]} 4. Nbd2 {[%emt 0:00:24]} Qc7 {[%emt 0:04:09]} 5. dxc5 {[%emt 0:08:08]} Qxc5 {[%emt 0:11:41]} 6. c4 {[%emt 0:03:05] D04: Colle System.} g6 {[%emt 0:03:16]} 7. cxd5 {[%emt 0:12:18] [#]} (7. a3 $16) 7... Qxd5 $146 {[%emt 0:12:00]} ({Predecessor:} 7... Bg7 8. e4 Ng4 9. Qe2 O-O 10. Nb3 Qb6 11. h3 Nf6 12. Qc4 e6 13. Be2 exd5 14. exd5 {½-½ Bruzon Batista,L (2614)-Dominguez Perez,L (2677) CUB-ch KO Santa Clara 2007 (3.3)}) 8. Bc4 {[%emt 0:00:27] White is slightly better.} Qd6 {[%emt 0:08:40]} 9. Qb3 {[%emt 0:05:42]} e6 $1 {[%emt 0:00:38]} 10. Bb5+ {[%emt 0:01:47]} Bd7 {[%emt 0:08:37]} 11. O-O {[%emt 0:10:52]} Qb4 {[%emt 0:01:38]} 12. Be2 {[%emt 0:03:20]} Qxb3 {[%emt 0:11:11]} 13. Nxb3 {[%emt 0:03:58]} Nc6 {[%emt 0:00:08]} 14. Rd1 {[%emt 0:01:42]} Be7 {[%emt 0:05:50]} 15. Nbd4 {[%emt 0:05:18]} Nxd4 {[%emt 0:05:29]} 16. Rxd4 {[%emt 0:00:51]} Bc5 {[%emt 0:06:06]} 17. Rd1 {[%emt 0:02:33]} Ke7 {[%emt 0:00:32]} 18. Ne5 {[%emt 0:01:27][%cal Ob2b4]} Rhd8 {[%emt 0:01:35]} 19. Nxd7 {[%emt 0:08:39]} Nxd7 {[%emt 0:00:14] The position is equal.} 20. Bd2 {[%emt 0:00:11]} Rac8 {[%emt 0:00:43]} 21. Rac1 {[%emt 0:03:00]} Bd6 {[%emt 0:00:36]} 22. Kf1 {[%emt 0:00:36]} Nb6 {[%emt 0:01:01]} 23. Rxc8 {[%emt 0:09:24]} Rxc8 {[%emt 0:00:04]} 24. Rc1 {[%emt 0:00:08]} Rxc1+ {[%emt 0:05:08]} (24... Bxh2 $2 25. g3 $18) 25. Bxc1 $11 {[%emt 0:00:01][%mdl 4096] Endgame KBB-KBN} f5 {[%emt 0:01:27]} (25... Bxh2 $2 26. g3 $18) 26. Bf3 {[%emt 0:06:34]} Nd5 {[%emt 0:00:04]} (26... Bxh2 $2 27. g3 $18) 27. e4 {[%emt 0:00:19]} Bf4 {[%emt 0:01:55]} 28. Bxf4 {[%emt 0:02:02]} Nxf4 {[%emt 0:00:04]} 29. exf5 {[%emt 0:00:06]} gxf5 {[%emt 0:00:49]} 30. Bxb7 {[%emt 0:00:05] Black should prevent Ba6. KB-KN} Nd3 {[%emt 0:00:02]} 31. Ke2 {[%emt 0:00:14]} Nxb2 {[%emt 0:00:12]} 32. f4 {[%emt 0:04:06]} Kd6 {[%emt 0:00:44]} 33. Kd2 {[%emt 0:01:11]} Na4 {[%emt 0:01:06]} 34. Bf3 {[%emt 0:06:10]} Nb6 {[%emt 0:00:52]} 35. g3 {[%emt 0:01:11]} Nd5 {[%emt 0:00:42]} 36. Kd3 {[%emt 0:00:41] Weighted Error Value: White=0.09 (flawless) /Black=0.05 (flawless)} 1/2-1/2

[Event "Chinese League Div-A Final-KO 2023"]
[Site "Xiongan"]
[Date "2023.12.05"]
[Round "4.3"]
[White "Ma, Qun"]
[Black "Zeng, Chongsheng"]
[Result "1/2-1/2"]
[WhiteElo "2653"]
[BlackElo "2577"]
[Annotator "TA"]
[PlyCount "97"]
[EventDate "2023.12.02"]
[EventCountry "CHN"]
[SourceTitle "playchess.com"]
[Source "ChessBase"]
[SourceQuality "1"]

{[%evp 25,97,0,0,-22,-1,-11,6,0,0,0,0,-38,-21,-19,-22,-27,-25,-48,-24,-31,-12,-10,-10,-14,0,0,0,0,0,0,0,0,0,-76,-65,-59,-80,-74,-64,-83,-83,-83,-83,-83,-83,-83,-83,-87,-87,-87,-83,-83,-83,-83,-83,-90,-51,-83,-26,-45,-20,-20,-18,-18,-16,-90,-90,-90,-90,-90,-90,-90,-90,-90]} 1. d4 {[%emt 0:00:06]} d5 {[%emt 0:01:43]} 2. c4 {[%emt 0:00:10]} c6 {[%emt 0:00:07]} 3. Nf3 {[%emt 0:00:46]} Nf6 {[%emt 0:00:08]} 4. Nc3 {[%emt 0:00:06]} e6 {[%emt 0:00:06]} 5. e3 {[%emt 0:00:32]} Nbd7 {[%emt 0:00:07]} 6. Qc2 {[%emt 0:00:15]} Bd6 {[%emt 0:00:23]} 7. Be2 {[%emt 0:00:14]} dxc4 {[%emt 0:06:28]} 8. Bxc4 {[%emt 0:00:31]} b5 {[%emt 0:00:16]} 9. Be2 {[%emt 0:00:17]} O-O {[%emt 0:04:05]} 10. O-O {[%emt 0:01:11]} a6 {[%emt 0:00:36]} 11. Rd1 {[%emt 0:22:08]} Qc7 {[%emt 0:04:03]} 12. e4 {[%emt 0:04:09]} e5 {[%emt 0:00:09]} 13. g3 {[%emt 0:07:51]} Re8 {[%emt 0:01:36]} 14. a3 {[%emt 0:00:57] D46: Semi-Slav: 5 e3 Nbd7 6 Bd3, Black avoids the Meran.} Bb7 {[%emt 0:10:18]} 15. dxe5 {[%emt 0:01:42]} Nxe5 {[%emt 0:03:40]} 16. Nd4 {[%emt 0:08:31] The position is equal.} Bc5 {[%emt 0:07:29]} 17. Nf5 {[%emt 0:11:02] [#]} Qb6 $146 {[%emt 0:15:14]} ({Predecessor:} 17... Bc8 18. Be3 Bxe3 19. Nxe3 Qb8 20. Kg2 h5 21. f4 Neg4 22. Nxg4 Nxg4 23. Rd3 c5 {½-½ Schroeer,E-Versteeg,A (2039) VW-Cup13 Gr58 email 2021}) 18. Rf1 {[%emt 0:00:48]} Nfg4 {[%emt 0:12:38]} (18... g6 $5 {[%cal Rg6f5]} 19. Bg5 Nfg4 20. Bxg4 Nxg4 $11) 19. Bxg4 {[%emt 0:11:42]} Nxg4 {[%emt 0:00:31]} 20. Qe2 {[%emt 0:04:45]} Ne5 {[%emt 0:02:05]} (20... h5 {feels hotter.} 21. h3 Ne5 22. Qxh5 g6) 21. Bf4 {[%emt 0:01:00]} Bc8 {[%emt 0:01:26]} (21... g6 {seems wilder.} 22. Bxe5 Rxe5 23. Qg4 Bc8) 22. Rad1 {[%emt 0:04:06]} Bxf5 {[%emt 0:07:42]} 23. exf5 {[%emt 0:00:05]} Bd4 {[%emt 0:04:54]} 24. Rfe1 {[%emt 0:12:14]} f6 {[%emt 0:00:35]} 25. Kg2 {[%emt 0:01:01]} c5 {[%emt 0:00:58]} 26. Bxe5 {[%emt 0:01:27] [#] Black must now prevent Nd5.} Qc6+ {[%emt 0:03:40]} 27. Qe4 {[%emt 0:03:39]} Qxe4+ {[%emt 0:00:08]} 28. Nxe4 {[%emt 0:00:03]} Rxe5 {[%emt 0:01:14]} 29. b4 {[%emt 0:00:43] [#]} (29. f4 $11 {remains equal.} Re7 30. b4) 29... Rae8 $1 $17 {[%emt 0:00:49]} 30. Nxc5 {[%emt 0:01:28]} Rxe1 {[%emt 0:03:48][%cal Be5e1,Be1a1,Ba1a3,Ba3d3][%mdl 32]} 31. Rxd4 $15 {[%mdl 4096] Endgame KRR-KRN} Ra1 {[%emt 0:03:39]} 32. Nxa6 {[%emt 0:00:31]} Rxa3 {[%emt 0:00:05]} 33. Nc7 {[%emt 0:00:13][%csl LRb5,LRe8]} Re5 {[%emt 0:02:14]} 34. Rd8+ {[%emt 0:00:58]} Kf7 35. Rd7+ Re7 {[%emt 0:00:27]} 36. Rxe7+ {[%emt 0:00:07]} Kxe7 {[%emt 0:00:05]} 37. Nxb5 $17 {[%emt 0:00:01] KR-KN} Rd3 {[%emt 0:02:19]} 38. Nc7 {[%emt 0:00:37]} Rd7 {[%mdl 1024] Black has strong compensation.} 39. Ne6 {[%emt 0:00:26]} g5 {[%emt 0:01:25]} ({Reject} 39... Rb7 $6 40. Nxg7 Rb8 41. f3 $11) 40. h3 {[%emt 0:03:00]} Kd6 {[%emt 0:00:58]} 41. g4 {[%emt 0:06:01][%cal Oh3h4]} Ke5 {[%emt 0:01:58]} (41... Rb7 $17 42. f4 gxf4 43. Nxf4 Rxb4) 42. b5 {[%emt 0:06:05]} Rd2 {[%emt 0:21:17]} 43. b6 {[%emt 0:01:16] Threatens to win with Nc5.} Kd6 {[%emt 0:01:05] Inhibits Nc5.} 44. b7 {[%emt 0:04:10]} Rb2 {[%emt 0:00:07]} 45. Ng7 {[%emt 0:03:47]} (45. Nd8 $11) 45... Rxb7 {[%emt 0:00:29] Black is better.} 46. Nh5 {[%emt 0:00:02]} Ke5 {[%emt 0:00:08]} 47. Kg3 {[%emt 0:00:09]} Rb3+ {[%emt 0:00:34]} 48. Kg2 {[%emt 0:00:22]} Ra3 {[%emt 0:00:56]} 49. Ng3 {[%emt 0:00:21] Weighted Error Value: White=0.12 (very precise) /Black=0.07 (flawless)} 1/2-1/2

[Event "Chinese League Div-A Final-KO 2023"]
[Site "Xiongan"]
[Date "2023.12.05"]
[Round "4.4"]
[White "Wang, Chuqiao"]
[Black "Zhao, Xue"]
[Result "1/2-1/2"]
[WhiteElo "2215"]
[BlackElo "2450"]
[Annotator "RC"]
[PlyCount "123"]
[EventDate "2023.12.02"]
[EventCountry "CHN"]
[SourceTitle "playchess.com"]
[Source "ChessBase"]
[SourceQuality "1"]

1. d4 {[%emt 0:00:04]} e6 {[%emt 0:00:14]} 2. c4 {[%emt 0:00:12]} d5 {[%emt 0:00:15]} 3. Nc3 {[%emt 0:00:16]} Nf6 {[%emt 0:00:17]} 4. cxd5 {[%emt 0:00:43]} exd5 {[%emt 0:00:06]} 5. Bg5 {[%emt 0:00:06]} c6 {[%emt 0:00:06]} 6. e3 {[%emt 0:00:04]} h6 {[%emt 0:00:09]} 7. Bh4 {[%emt 0:00:22]} Be7 {[%emt 0:00:08]} 8. Qc2 {[%emt 0:00:16]} O-O {[%emt 0:00:30]} 9. Bd3 {[%emt 0:00:23]} Re8 {[%emt 0:02:01]} 10. Nge2 {[%emt 0:00:22]} Nbd7 {[%emt 0:00:51]} 11. O-O {[%emt 0:00:57]} Ne4 {[%emt 0:02:56]} 12. Bxe7 {[%emt 0:02:27]} Qxe7 {[%emt 0:01:17]} 13. Bxe4 {[%emt 0:00:25]} dxe4 {[%emt 0:00:10]} 14. Rab1 {[%emt 0:00:24]} Nf6 {[%emt 0:04:11]} 15. b4 {[%emt 0:08:10]} h5 {[%emt 0:06:28]} 16. b5 {[%emt 0:07:32]} c5 {[%emt 0:02:20]} 17. b6 {[%emt 0:02:46]} Be6 {[%emt 0:05:55]} 18. Rfd1 {[%emt 0:08:19]} Bc4 {[%emt 0:11:22]} 19. Nxe4 {[%emt 0:09:30]} Bxe2 {[%emt 0:00:30]} 20. Nxf6+ {[%emt 0:00:07]} Qxf6 {[%emt 0:00:03]} 21. Qxe2 {[%emt 0:00:05]} cxd4 {[%emt 0:00:05]} 22. bxa7 {[%emt 0:12:49]} Rxa7 {[%emt 0:02:00]} 23. Rb3 {[%emt 0:07:50]} dxe3 {[%emt 0:05:04]} 24. Rxe3 {[%emt 0:00:28]} Rxe3 {[%emt 0:00:14]} 25. fxe3 {[%emt 0:00:16]} g6 {[%emt 0:02:13]} 26. Qc4 {[%emt 0:05:57]} Qe5 {[%emt 0:04:44]} 27. e4 {[%emt 0:01:39]} b5 {[%emt 0:23:07]} 28. Qd5 {[%emt 0:01:39]} Qb2 {[%emt 0:00:15]} 29. Rf1 {[%emt 0:03:29]} b4 {[%emt 0:05:45]} 30. Qc4 {[%emt 0:03:14]} Qd2 {[%emt 0:04:05]} 31. h3 {[%emt 0:01:46]} Kg7 {[%emt 0:04:03]} 32. Qc5 {[%emt 0:03:43]} Rd7 {[%emt 0:05:41]} 33. Qe5+ {[%emt 0:05:32]} Kh7 {[%emt 0:00:18]} 34. Qc5 {[%emt 0:00:21]} Kg8 {[%emt 0:06:12]} 35. Rf2 {[%emt 0:03:33]} Qd1+ {[%emt 0:03:36]} 36. Kh2 {[%emt 0:04:49]} Qe1 {[%emt 0:00:50]} 37. Qc8+ {[%emt 0:00:43]} Kg7 {[%emt 0:00:05]} 38. Qxd7 {[%emt 0:00:41]} Qxf2 {[%emt 0:00:02]} 39. Qd6 {[%emt 0:00:26]} Qe1 {[%emt 0:01:05]} 40. Qd4+ {[%emt 0:00:30]} Kg8 {[%emt 0:00:22]} 41. e5 {[%emt 0:02:56]} Qc3 {[%emt 0:00:41]} 42. Qd8+ {[%emt 0:00:14]} Kh7 {[%emt 0:01:13]} 43. Qd5 {[%emt 0:00:43]} Qc7 {[%emt 0:00:47]} 44. Qd4 {[%emt 0:00:35]} Qb7 {[%emt 0:02:20]} 45. Qc4 {[%emt 0:00:31]} Qe7 {[%emt 0:00:37]} 46. Kh1 {[%emt 0:02:12]} Kg8 {[%emt 0:05:57]} 47. Qe4 {[%emt 0:01:29]} Kg7 {[%emt 0:04:10]} 48. Qd4 {[%emt 0:00:16]} Kf8 {[%emt 0:00:42]} 49. Qe4 {[%emt 0:00:12]} Ke8 {[%emt 0:01:00]} 50. Qd4 {[%emt 0:00:50]} Kf8 {[%emt 0:03:03]} 51. Qe4 {[%emt 0:00:38]} Kg7 {[%emt 0:03:51]} 52. Qd4 {[%emt 0:00:07]} Kh6 {[%emt 0:05:02]} 53. Qf4+ {[%emt 0:00:23]} g5 {[%emt 0:01:32]} 54. Qd4 {[%emt 0:00:40]} Kg6 {[%emt 0:02:21]} 55. Qd3+ {[%emt 0:00:08]} Kg7 {[%emt 0:00:08]} 56. Qd4 {[%emt 0:00:08]} Kg8 {[%emt 0:01:35]} 57. Qd5 {[%emt 0:00:52]} g4 {[%emt 0:01:20]} 58. hxg4 {[%emt 0:00:50]} Qh4+ {[%emt 0:00:23]} 59. Kg1 {[%emt 0:00:05]} Qe1+ {[%emt 0:00:34]} 60. Kh2 {[%emt 0:00:05]} Qh4+ {[%emt 0:00:18]} 61. Kg1 {[%emt 0:00:03]} Qe1+ {[%emt 0:00:48]} 62. Kh2 {[%emt 0:00:07]} 1/2-1/2

[Event "Chinese League Div-A Final-KO 2023"]
[Site "Xiongan"]
[Date "2023.12.05"]
[Round "4.5"]
[White "Yan, Tianqi"]
[Black "Huang, Qian"]
[Result "1/2-1/2"]
[WhiteElo "2302"]
[BlackElo "2410"]
[Annotator "RC"]
[PlyCount "66"]
[EventDate "2023.12.02"]
[EventCountry "CHN"]
[SourceTitle "playchess.com"]
[Source "ChessBase"]
[SourceQuality "1"]

1. e4 {[%emt 0:00:04]} c5 {[%emt 0:02:01]} 2. Nf3 {[%emt 0:00:10]} Nc6 {[%emt 0:00:18]} 3. Bb5 {[%emt 0:00:39]} d6 {[%emt 0:06:18]} 4. O-O {[%emt 0:05:52]} Bd7 {[%emt 0:00:07]} 5. Re1 {[%emt 0:00:53]} Nf6 {[%emt 0:01:01]} 6. c3 {[%emt 0:04:32]} a6 {[%emt 0:00:54]} 7. Bf1 {[%emt 0:00:51]} Bg4 {[%emt 0:00:50]} 8. d4 {[%emt 0:01:04]} e6 {[%emt 0:13:59]} 9. d5 {[%emt 0:40:04]} Ne5 {[%emt 0:00:26]} 10. Nbd2 {[%emt 0:01:01]} Nxf3+ {[%emt 0:12:09]} 11. gxf3 {[%emt 0:03:37]} Bh5 {[%emt 0:00:05]} 12. Qb3 {[%emt 0:02:48]} Be7 {[%emt 0:08:49]} 13. dxe6 {[%emt 0:05:07]} O-O {[%emt 0:05:01]} 14. exf7+ {[%emt 0:09:56]} Bxf7 {[%emt 0:00:08]} 15. Bc4 {[%emt 0:00:25]} d5 {[%emt 0:03:36]} 16. Bf1 {[%emt 0:05:24]} dxe4 {[%emt 0:03:20]} 17. c4 {[%emt 0:01:18]} Bd6 {[%emt 0:06:59]} 18. Nxe4 {[%emt 0:02:13]} Nxe4 {[%emt 0:04:57]} 19. fxe4 {[%emt 0:02:03]} Qf6 20. f4 {[%emt 0:06:16]} Bxf4 {[%emt 0:00:34]} 21. Bxf4 {[%emt 0:00:09]} Qxf4 {[%emt 0:00:03]} 22. Qg3 {[%emt 0:00:52]} Qxg3+ {[%emt 0:07:43]} 23. hxg3 {[%emt 0:00:02]} Rad8 {[%emt 0:00:18]} 24. Rad1 {[%emt 0:01:40]} Be6 {[%emt 0:05:02]} 25. b3 {[%emt 0:00:30]} Kf7 {[%emt 0:00:15]} 26. Kf2 {[%emt 0:01:17]} Rxd1 {[%emt 0:09:58]} 27. Rxd1 {[%emt 0:00:02]} Kf6 {[%emt 0:00:13]} 28. Ke3 {[%emt 0:01:24]} Ke5 {[%emt 0:00:04]} 29. Be2 {[%emt 0:00:17]} g6 {[%emt 0:01:27]} 30. a3 {[%emt 0:01:22]} a5 {[%emt 0:00:12]} 31. b4 {[%emt 0:02:52]} axb4 {[%emt 0:02:40]} 32. axb4 {[%emt 0:00:02]} b6 {[%emt 0:00:05]} 33. Ra1 {[%emt 0:00:58]} cxb4 {[%emt 0:05:57]} 1/2-1/2